Регионална библиотека "Любен Каравелов" - Русе

Общото човекознание като основа на педагогиката (Запис номер 7019)

MARC детайли
000 -Лидер
Контролно поле с фиксирана дължина 02047nam a2200337 c 4500
003 - Код на организацията, давaща контролен номер
Контролно поле BLK
005 - Дата и час на последна редакция
Контролно поле 20230812005115.0
008 - Елементи от данни с фиксирана дължина
fixed length control field 180412b bul|||||r ||||||| ||bul||
010 ## - Наследен системен номер
LC control number KNG00008283000
020 ## - Международен стандартен номер на книга ISBN
Международен стандартен номер на книга ISBN 954-495-015-Х
-- издат.: Антропософ. изд. Даскалов
040 ## - Източник на каталожния запис
Идентификатор на билиотеката - собственик на записа BLK
041 ## - Код за език
Код за езика на текст/звукозапис или на отделно заглавие Български
Код за езика КДБФ Български
080 ## - УДК
Текстов определител УДК Философски мистицизъм. Ранни езотерични школи. Кабала. Теософия. Антропософия. Суфизъм. Еклектизъм. Синкретизъм. Херметизъм. Розенкройцерство. Др. школи
УДК код - определител по УДК 141.33
УДК определител (042.3)
УДК - код + определител 141.33(042.3)
100 ## - Редна дума - Автор
Автор Щайнер, Рудолф Йозеф Лоренц
Дати, свързани с автора 1861-1925
R(LIN) 244192
139 ## - Редно поле
Редна дума Щайнер, Рудолф Йозеф Лоренц
Авторски знак Щаин - Щ 17
245 10 - Сведения за заглавието
Заглавие Общото човекознание като основа на педагогиката
Подзаглавни данни Цикъл от 14 лекции изнесени в Щутгарт от 21.08. до 05.09.1919 -ч. 1
Редно поле (дума) Рудолф Йозеф Лоренц Щайнер; прев. от нем. Нестор Чуклев.
257 ## - Страна на издаване
Страна на създаване/издаване Австрия
260 ## - Област на издателските данни
-- Ст. Загора
Име на издателя, разпространителя и проч. Антропософ. изд. Даскалов
Година на издаване 1995
Печатница Полиграфия : Пловдив
300 ## - Физическа характеристика
Страници 221 с.
Илюстрации и др. със сх.
Размери/Мащаб 20 см
380 ## - Жанр
Жанр Философия
500 ## - Общи забележки
Забележка Ориг. загл. Allgemeine Menschenkunde als Grundlage der Padagogik / Rudolf Steiner. - Съдържа и Рудолф Щайнер биогр. данни и творчество ; Рудолф Щайнер обзор върху литературното му и художествено дело.
650 #4 - Допълнително описание по предмет – тема
Основно описание – тема или топоним Антропософия
9 (RLIN) 147262
653 ## - Ключова дума – ненормативна
Ключова дума антропософия
700 1# - Други автори (авторска отговорност)
Лично име Чуклев, Нестор
Автороска отговорност (Описва отношението между автора и произведението) прев. от нем.
9 (RLIN) 252088
852 ## - Местоположение
Форматна сигнатура Цб 183579
856 4# - Електронен адрес и достъп
Електронен формат pdf - файл
Път до файла /url/
856 4# - Електронен адрес и достъп
Електронен формат pdf - файл
Път до файла /url/
942 ## - АРТИКУЛИ
Вид на библиотечния материал Книги
Скрит в OPAC Не
Koha issues (borrowed), all copies 5
944 ## - СЪЗДАВАНЕ И РЕДАКЦИЯ на ЗАПИСА
Създаване/Редакция Създаване
Дата на регистрацията/редакция 15.01.2003
Служител, извършил регистрацията/редакцията
Статус, дата на статуса CRON CRON
944 ## - СЪЗДАВАНЕ И РЕДАКЦИЯ на ЗАПИСА
Създаване/Редакция Редакция
Дата на регистрацията/редакция 03.02.2018
Служител, извършил регистрацията/редакцията Пенка_Димитрова
999 ## - СИСТЕМНИ КОНТРОЛНИ НОМЕРА
Koha biblionumber 7019
Koha biblioitemnumber 7019
Наличности
Код за отписване Код за изгубен артикул Източник на класификационната схема Код за повреда Коз за рестрикции Код за отдаване Артикулен № Име на библиотеката - собственик Име на библиотеката, в която се намира в момента Статус (Текущо местоположение) Дата на вписване в системата Местоположение - отдел Цена в лева Инвентарен номер Систематично азбучна сигнатура Баркод Номер на екземпляра Цена в евро Служебна бележка Служебен тип на артикула
  Не е изгубен Universal Decimal Classification Не е повреден без рестрикции ползва се в читалня 12202 Регионална библиотека "Любен Каравелов" Русе Регионална библиотека "Любен Каравелов" Русе Хранилище 1995-01-01 Хранилище 0.99 614529 Цб 183579 120000614529 1 0.51 Дост: Dp Вид: Д N: стар фонд Дата: 01.01.1995 Дата инв: 19.09.2014 Бележки инв: Цб2014 Книги
Изтеглен Не е изгубен Universal Decimal Classification Не е повреден без рестрикции заемане за дома 12203 Регионална библиотека "Любен Каравелов" Русе Регионална библиотека "Любен Каравелов" Русе Заемна - подръчен фонд 1995-01-01 Заемна - подръчен фонд 0.99 658962 П 14/Щ 17 658962 2 0.51 Дост: Pk Вид: Ф N: стар фонд Дата: 01.01.1995 Дата инв: 01.02.2018 Бележки инв: П2018 Книги
  Не е изгубен Universal Decimal Classification Не е повреден без рестрикции заемане за дома 12204 Регионална библиотека "Любен Каравелов" Русе Регионална библиотека "Любен Каравелов" Русе Заемна - подръчен фонд 1995-01-01 Заемна - подръчен фонд 5.00 658963 П 14/Щ 17 120000658963 3 2.56 Дост: Pk Вид: Ф N: стар фонд Дата: 01.01.1995 Дата инв: 01.02.2018 Бележки инв: П2018 Книги
  Не е изгубен Universal Decimal Classification Не е повреден без рестрикции заемане за дома 12205 Регионална библиотека "Любен Каравелов" Русе Регионална библиотека "Любен Каравелов" Русе Заемна - подръчен фонд 1995-01-01 Заемна - подръчен фонд 5.00 658964 П 14/Щ 17 120000658964 4 2.56 Дост: Pk Вид: Ф N: стар фонд Дата: 01.01.1995 Дата инв: 01.02.2018 Бележки инв: П2018 Книги
Изтеглен Не е изгубен Universal Decimal Classification Не е повреден без рестрикции заемане за дома 12206 Регионална библиотека "Любен Каравелов" Русе Регионална библиотека "Любен Каравелов" Русе Заемна - подръчен фонд 1995-01-01 Заемна - подръчен фонд 0.99 658965 П 14/Щ 17 658965 5 0.51 Дост: Pk Вид: Ф N: стар фонд Дата: 01.01.1995 Дата инв: 01.02.2018 Бележки инв: П2018 Книги
Vip Innovations Ltd, Rousse, Bulgaria 2025